000 00817nam a2200229 a 4500
001 48892
003 BD-RjUL
005 20211209054613.0
008 160817s1979 bg ||||| |||| 00| 0 ben d
020 _c: Tk.10.00
035 _a(BD-RjUL)49011
040 _aBD-RjUL
_bben
_cBD-RjUL
_dBD-RjUL
041 _aben
082 _223
_a891.441
_bISA 1979
100 _aইসলাম, মযহারুল
_9147309
245 1 0 _aআপরাহ্ণে বিবস্ত্র প্রাতরাশ /
_cমযহারুল ইসলাম
260 _aঢাকা :
_bসমকাল প্রাইভেট লিমিটেড,
_c১৯৭৯
300 _a৭০ পৃ. ;
_c২১ সেমি.
650 _aবাংলা কবিতা
_9147298
650 _aBengali poetry
_9147299
942 _2ddc
_cBK
999 _c48892
_d48892